|
|
|
|
| LEADER |
01192nam a2200373 4500 |
| 001 |
000010179 |
| 003 |
6379 |
| 005 |
20111121081144.0 |
| 008 |
111121s1980 viesd |
| 020 |
|
|
|c 2đ
|
| 041 |
0 |
|
|a vie
|
| 082 |
|
|
|a 515
|b TR-K
|
| 100 |
0 |
|
|a Triệu Khuê
|e Tác giả
|
| 245 |
1 |
0 |
|a Bài tập giải tích
|c Triệu Khuê; Nguyễn Ngải; Cần Tuất
|n T.4
|
| 250 |
|
|
|a In lần thứ 2
|
| 260 |
|
|
|a H.
|b Giáo dục
|c 1980
|
| 300 |
|
|
|a 135 tr.
|c 19 cm
|
| 653 |
|
|
|a Bài tập giải tích
|
| 653 |
|
|
|a Tập 4
|
| 700 |
|
|
|a Triệu Khuê
|e Tác giả
|
| 700 |
|
|
|a Nguyễn Ngải
|e Tác giả
|
| 700 |
|
|
|a Cần Tuất
|e Tác giả
|
| 773 |
|
|
|t Bài tập giải tích
|w 4108
|
| 910 |
|
|
|a duyên
|
| OWN |
|
|
|a LSP
|
| AVA |
|
|
|a UDN50
|b LSP
|d 515 TR-K
|e unavailable
|t Error 5002 Not defined in file expand_doc_bib_avail.
|f 1
|g 1
|h N
|i 0
|k 1
|
| 999 |
|
|
|a From the UDN01
|
| AVA |
|
|
|a UDN50
|b LSP
|d 515 TR-K
|e unavailable
|t Error 5002 Not defined in file expand_doc_bib_avail.
|f 1
|g 1
|h N
|i 0
|k 1
|
| TYP |
|
|
|a Monograph
|
| TYP |
|
|
|a Printed language
|
| 980 |
|
|
|a Mạng thư viện Đại học Đà Nẵng
|